Statistics for Top 20 All Blacks test appearances

Click here to take the quiz!

General Stats

  • This quiz has been taken 6 times
  • The average score is 8 of 20

Answer Stats

Tests(Years)Answer% Correct
112(2013-2015)Carter
100%
148(2001-2015)McCaw
100%
94(2004-2015)Smith
67%
90(2009-2016)Franks
50%
103(2003-2015)Nonu
50%
77(2202-2012)Williams
50%
79(1989-1999)Jones
33%
132(2002-2015)Mealamu
33%
100(2003-2011)Muliaina
33%
97(2008-2016)Read
33%
68(2003-2010)Rokocoko
33%
74(1997-2005)Umaga
33%
84(2010-2016)Whitelock
33%
118(2002-2015)Woodcock
33%
92(1986-1997)Fitzpatrick
17%
83(2002-2013)Hore
17%
77(2004-2016)Kaino
17%
81(1995-2005)Marshall
17%
70(1995-2004)Mehrtens
17%
71(2004-2013)Weepu
17%

Score Distribution

Percentile by Number Answered

Percent of People with Each Score

Your Score History

You have not taken this quiz